Cultura, masculinidad y paternidad: las representaciones de los hombres en Costa Rica /
Gardado en:
| Autor Principal: | |
|---|---|
| Autores Corporativos: | , |
| Outros autores: | |
| Formato: | Texto |
| Idioma: | Spanish |
| Publicado: |
San José:
FLACSO
2003
|
| Materias: | |
| Etiquetas: |
Engadir etiqueta
Sen Etiquetas, Sexa o primeiro en etiquetar este rexistro!
|
MARC
| LEADER | 00000 a a2200000 04500 | ||
|---|---|---|---|
| 001 | 30257 | ||
| 003 | cru CIDCACS/IIS | ||
| 005 | 20230509153509.0 | ||
| 008 | 230227b |||||||| |||| 00| 0 spa d | ||
| 020 | |a 9977-68-127-9 | ||
| 040 | |a cru IIS |c cru IIS | ||
| 090 | |a 05.03.03 R621c | ||
| 100 | |a Rivera Araya, Roy | ||
| 110 | |a UNFPA | ||
| 245 | |a Cultura, masculinidad y paternidad: las representaciones de los hombres en Costa Rica / |c UNFPA | ||
| 260 | |a San José: |b FLACSO |c 2003 | ||
| 300 | |a 296 p. | ||
| 500 | |a Incluye: Diseño muestral |a Cuestionario de la encuesta a hombres y Guía de entrevista a hombres.También índice de cuadros y gráficosCuestionario de la encuesta a hombres y Guía de entrevista a hombres.También índice de cuadros y gráficos | ||
| 650 | |a HOMBRES | ||
| 650 | |a ROL MASCULINO | ||
| 650 | |a PATERNIDAD | ||
| 650 | |a SEXUALIDAD | ||
| 650 | |a LEGISLACION | ||
| 650 | |a RELIGION | ||
| 650 | |a CAMBIO SOCIAL | ||
| 700 | |a Ceciliano, Yajaira | ||
| 710 | |a FLACSO |a Centro de Análisis Sociocultural | ||
| 942 | |2 ddc |c LI | ||
| 999 | |c 1118 |d 1118 | ||



